000 00387nam a2200169Ia 4500
003 0100
008 130307s9999 xx 000 0 und d
040 _cARRUPELIB
050 _aJC251.G381910
100 _aGettell, Raymond Garfield
245 _aIntroduction to Political Science
260 _aBoston
260 _bGinn Company
260 _c1910
300 _a421p
942 0 0 _02
999 _c89914
_d89914